AH International Schools' Libraries

A Biblical Foundation for Early Childhood Education: Manual One (Record no. 48996)

MARC details
000 -LEADER
fixed length control field 00392nam a22001217a 4500
008 - FIXED-LENGTH DATA ELEMENTS--GENERAL INFORMATION
fixed length control field 250701b |||||||| |||| 00| 0 eng d
020 ## - INTERNATIONAL STANDARD BOOK NUMBER
International Standard Book Number 9781888191004
100 ## - MAIN ENTRY--PERSONAL NAME
Personal name Barbara Nizza (Author)
9 (RLIN) 86374
245 ## - TITLE STATEMENT
Title A Biblical Foundation for Early Childhood Education: Manual One
260 ## - PUBLICATION, DISTRIBUTION, ETC. (IMPRINT)
Place of publication, distribution, etc Hawaii
Name of publisher, distributor, etc University of the Nations
Date of publication, distribution, etc 1996
300 ## - PHYSICAL DESCRIPTION
Extent 252 pages
Other physical details col. ill.
Dimensions 21 cm x 28 cm
942 ## - ADDED ENTRY ELEMENTS (KOHA)
Source of classification or shelving scheme
Holdings
Withdrawn status Lost status Source of classification or shelving scheme Damaged status Not for loan Collection code Home library Current library Date acquired Total Checkouts Full call number Barcode Date last seen Price effective from Koha item type
          Non-Fiction Asian Hope Siem Reap Asian Hope Siem Reap 07/01/2025   NFIC BAR 208224 07/01/2025 07/01/2025 Book

For any Logos Library related questions please contact Miss Art at swongnarasuk@asianhope.org.

For any Asian Hope Library related questions please contact Miss Raza at graza@asianhope.org.

Click here to explore our ebooks!

Powered by Koha